[Event "Ruhrgebiet Verbandsklasse Gruppe 1 1819"]
[Site "Nordrheinwestfalen"]
[Date "2019.05.05"]
[Round "9.4"]
[White "Alinsug, Salvadore"]
[Black "Peter, Thomas"]
[Result "0-1"]
[WhiteElo "1712"]
[BlackElo "2075"]
[PlyCount "70"]
[EventDate "2018.09.23"]
[EventType "team-tourn"]
[EventRounds "9"]
[EventCountry "GER"]
[SourceTitle "EXT 2022"]
[Source "ChessBase"]
[SourceDate "2021.10.06"]
[SourceVersion "1"]
[SourceVersionDate "2021.10.06"]
[SourceQuality "1"]
[WhiteTeam "Bergeborbeck Wacker"]
[BlackTeam "Wattenscheid SV III"]
[WhiteTeamCountry "GER"]
[BlackTeamCountry "GER"]

1. e4 e6 2. Nc3 d5 3. d4 Bb4 4. Bd3 c5 5. Bd2 cxd4 6. Nce2 Bxd2+ 7. Qxd2 dxe4 8. Bxe4 Nf6 9. Bf3 e5 10. Ng3 0-0 11. Nh3 Bxh3 12. gxh3 e4 13. Be2 Qd5 14. b3 Qe5 15. 0-0 Nc6 16. Rfe1 Nd5 17. Bc4 e3 18. fxe3 Nxe3 19. Bd3 f5 20. Qf2 Rf6 21. Qf3 Raf8 22. Re2 Nb4 23. Rae1 Nxd3 24. cxd3 Rh6 25. Rc1 Rxh3 26. Qxb7 Rxg3+ 27. hxg3 Qxg3+ 28. Kh1 f4 29. Rg1 Qh4+ 30. Rh2 Qf6 31. Qe4 g6 32. Qb7 Rf7 33. Qf3 Qe5 34. Rc1 Nf5 35. Re2 Qxe2 0-1

[Event "Ruhrgebiet Verbandsklasse Gruppe 1 1819"]
[Site "Nordrheinwestfalen"]
[Date "2019.03.24"]
[Round "8.6"]
[White "Brunberg, Ingo"]
[Black "Alinsug, Salvadore"]
[Result "1/2-1/2"]
[WhiteElo "1801"]
[BlackElo "1711"]
[PlyCount "92"]
[EventDate "2018.09.23"]
[EventType "team-tourn"]
[EventRounds "9"]
[EventCountry "GER"]
[SourceTitle "EXT 2022"]
[Source "ChessBase"]
[SourceDate "2021.10.06"]
[SourceVersion "1"]
[SourceVersionDate "2021.10.06"]
[SourceQuality "1"]
[WhiteTeam "Werl SC 1981"]
[BlackTeam "Bergeborbeck Wacker"]
[WhiteTeamCountry "GER"]
[BlackTeamCountry "GER"]

1. e4 c5 2. Nc3 e6 3. g3 Nc6 4. Bg2 Nf6 5. Nge2 Be7 6. 0-0 0-0 7. d3 a6 8. h3 h6 9. f4 d6 10. g4 Nh7 11. Be3 f5 12. Bf3 fxg4 13. hxg4 Bh4 14. Qd2 e5 15. f5 Nd4 16. Nd5 b5 17. c3 Nxf3+ 18. Rxf3 Ng5 19. Bxg5 Bxg5 20. Qc2 Bb7 21. Qb3 Kh8 22. Rh3 Bd2 23. Rh5 c4 24. dxc4 Bxd5 25. cxd5 Qb6+ 26. Kf1 Qe3 27. Rh2 Qf3+ 28. Rf2 Qxe4 29. Qd1 Be3 30. Ng3 Qc4+ 31. Re2 Qf4+ 32. Kg2 Bb6 33. Rc2 e4 34. Qe2 Rae8 35. Re1 e3 36. Qf3 Qc4 37. b3 Qc5 38. Rd1 b4 39. c4 Re5 40. Re2 Qc7 41. Rh1 Qe7 42. Qf4 Kg8 43. Rhe1 Kh7 44. Rh1 Kg8 45. Rhe1 Kh7 46. Rh1 Kg8 1/2-1/2

[Event "Ruhrgebiet Verbandsklasse Gruppe 1 1819"]
[Site "Nordrheinwestfalen"]
[Date "2019.02.03"]
[Round "6.6"]
[White "Jaennekes, Oliver"]
[Black "Alinsug, Salvadore"]
[Result "1/2-1/2"]
[WhiteElo "1791"]
[BlackElo "1711"]
[PlyCount "84"]
[EventDate "2018.09.23"]
[EventType "team-tourn"]
[EventRounds "9"]
[EventCountry "GER"]
[SourceTitle "EXT 2022"]
[Source "ChessBase"]
[SourceDate "2021.10.06"]
[SourceVersion "1"]
[SourceVersionDate "2021.10.06"]
[SourceQuality "1"]
[WhiteTeam "Guennigfeld SV"]
[BlackTeam "Bergeborbeck Wacker"]
[WhiteTeamCountry "GER"]
[BlackTeamCountry "GER"]

1. d4 Nf6 2. Bf4 d6 3. e3 g6 4. h3 Bg7 5. Nf3 Nc6 6. Nc3 0-0 7. Be2 a6 8. a3 b5 9. 0-0 Re8 10. Bg3 Bd7 11. d5 Na7 12. e4 e5 13. Nd2 c5 14. dxc6 Bxc6 15. Bh4 Qc7 16. Bxf6 Bxf6 17. Re1 Nc8 18. Nf1 Nb6 19. Ne3 Rad8 20. a4 b4 21. Ncd5 Nxd5 22. Nxd5 Bxd5 23. Qxd5 a5 24. Bc4 Rc8 25. b3 Bg7 26. Rad1 Re6 27. Qd2 Rf6 28. Qe3 h6 29. Rd5 Kh7 30. c3 Rb8 31. cxb4 Rxb4 32. Red1 h5 33. g4 hxg4 34. hxg4 Bf8 35. Kg2 Rf4 36. Qh3+ Kg8 37. f3 Qb6 38. R5d3 Qc7 39. Rh1 Bg7 40. Qh7+ Kf8 41. Rhd1 Rb6 42. Rd5 Rc6 1/2-1/2

[Event "Ruhrgebiet Verbandsklasse Gruppe 1 1819"]
[Site "Nordrheinwestfalen"]
[Date "2018.11.04"]
[Round "3.6"]
[White "Alinsug, Salvadore"]
[Black "Struebig, Dominik"]
[Result "0-1"]
[WhiteElo "1711"]
[BlackElo "1702"]
[PlyCount "104"]
[EventDate "2018.09.23"]
[EventType "team-tourn"]
[EventRounds "9"]
[EventCountry "GER"]
[SourceTitle "EXT 2022"]
[Source "ChessBase"]
[SourceDate "2021.10.06"]
[SourceVersion "1"]
[SourceVersionDate "2021.10.06"]
[SourceQuality "1"]
[WhiteTeam "Bergeborbeck Wacker"]
[BlackTeam "Haltern"]
[WhiteTeamCountry "GER"]
[BlackTeamCountry "GER"]

1. e4 c5 2. Nf3 Nc6 3. Bc4 e6 4. Nc3 Nf6 5. 0-0 d6 6. d4 cxd4 7. Nxd4 Be7 8. Be3 0-0 9. Kh1 Ne5 10. Be2 d5 11. exd5 exd5 12. f4 Neg4 13. Bg1 Bb4 14. h3 Bxc3 15. bxc3 Ne4 16. Bxg4 Ng3+ 17. Kh2 Nxf1+ 18. Kh1 Ng3+ 19. Kh2 Ne4 20. Bf3 Qc7 21. Ne2 Be6 22. Bd4 Rfe8 23. Be5 Qc4 24. Qe1 f6 25. Bd4 Nd6 26. Qd2 Nf5 27. Bf2 Bf7 28. g4 Nd6 29. Bd4 Ne4 30. Qe1 Nc5 31. Qd2 Ne4 32. Qe1 Qc7 33. Kg2 Re7 34. Rd1 Rae8 35. Qf1 Nd6 36. Ng3 Nc4 37. Nf5 Rd7 38. Re1 Rxe1 39. Qxe1 Qxf4 40. Qh4 Bg6 41. Qe1 Ne5 42. Nh4 Bxc2 43. Bxa7 Be4 44. Qe2 Nxf3 45. Nxf3 Re7 46. Bd4 Bxf3+ 47. Qxf3 Qd2+ 48. Kg3 Qxa2 49. Bc5 Re5 50. Bd4 Qe2 51. Bxe5 Qxf3+ 52. Kxf3 fxe5 0-1

[Event "Ruhrgebiet Verbandsklasse Gruppe 1 1819"]
[Site "Nordrheinwestfalen"]
[Date "2018.10.07"]
[Round "2.6"]
[White "Kleeberg, Stefan"]
[Black "Alinsug, Salvadore"]
[Result "0-1"]
[WhiteElo "1554"]
[BlackElo "1711"]
[PlyCount "80"]
[EventDate "2018.09.23"]
[EventType "team-tourn"]
[EventRounds "9"]
[EventCountry "GER"]
[SourceTitle "EXT 2022"]
[Source "ChessBase"]
[SourceDate "2021.10.06"]
[SourceVersion "1"]
[SourceVersionDate "2021.10.06"]
[SourceQuality "1"]
[WhiteTeam "Steele/Kray Rochade II"]
[BlackTeam "Bergeborbeck Wacker"]
[WhiteTeamCountry "GER"]
[BlackTeamCountry "GER"]

1. d4 Nf6 2. c4 e6 3. Nc3 Be7 4. e4 d6 5. Be3 Nc6 6. Bd3 a6 7. h3 e5 8. d5 Na7 9. Nf3 Bd7 10. Qb3 Qc8 11. a4 h6 12. Qa2 c5 13. b3 0-0 14. a5 Qd8 15. Bd2 Nh7 16. Na4 Nc8 17. 0-0 Ng5 18. Nh2 f5 19. f3 f4 20. Kf2 Nh7 21. Rg1 Bh4+ 22. Ke2 Nf6 23. Nc3 Nh5 24. Kd1 Bf2 25. Rf1 Bd4 26. Be1 Ng3 27. Bxg3 fxg3 28. Ng4 Bxc3 29. Rb1 Bxg4 30. hxg4 Qg5 31. Ke2 Ne7 32. Rbc1 Bb4 33. Rcd1 Ng6 34. Rh1 Nf4+ 35. Kf1 Nxd3 36. Rh5 Qe3 37. Qc2 Nf2 38. Rb1 Nxg4 39. Rh3 Nh2+ 40. Rxh2 gxh2 0-1

[Event "Ruhrgebiet Verbandsklasse Gruppe 1 1718"]
[Site "Germany"]
[Date "2018.02.04"]
[Round "6.7"]
[White "Schlee, Ulrich"]
[Black "Alinsug, Salvadore"]
[Result "1-0"]
[WhiteElo "1694"]
[BlackElo "1774"]
[PlyCount "113"]
[EventDate "2017.09.17"]
[EventType "team-tourn"]
[EventRounds "9"]
[EventCountry "GER"]
[SourceTitle "EXT 2022"]
[Source "ChessBase"]
[SourceDate "2021.10.06"]
[SourceVersion "1"]
[SourceVersionDate "2021.10.06"]
[SourceQuality "1"]
[WhiteTeam "Wattenscheid SV III"]
[BlackTeam "Bergeborbeck Wacker"]
[WhiteTeamCountry "GER"]
[BlackTeamCountry "GER"]

1. e4 e6 2. d4 c5 3. Nf3 cxd4 4. Nxd4 Nf6 5. Nc3 Nc6 6. Nxc6 bxc6 7. Bd3 Qc7 8. 0-0 Bc5 9. Na4 Be7 10. b3 0-0 11. f4 d6 12. Bb2 e5 13. fxe5 dxe5 14. Qf3 Be6 15. Qg3 Nd7 16. Kh1 f6 17. Rad1 Rab8 18. Qf2 Rfe8 19. Bc1 c5 20. c4 Nb6 21. Nc3 Bf8 22. Qg3 Rbd8 23. Rxf6 Kh8 24. Rff1 a6 25. Nd5 Nxd5 26. exd5 Bg8 27. Be4 Bd6 28. Rf3 Rf8 29. Rdf1 Rxf3 30. Rxf3 Qa5 31. Qf2 Qc7 32. Be3 a5 33. Qh4 Rd7 34. Rh3 Qd8 35. Qg3 Qf8 36. Kg1 Rf7 37. Qe1 Qd8 38. Qb1 h6 39. Bg6 Rf8 40. Qc1 Qf6 41. Be4 g5 42. Rf3 Qg7 43. Qf1 Bh7 44. Rxf8+ Bxf8 45. Bxh7 Kxh7 46. Qf2 Qe7 47. Qf5+ Kg7 48. Qc8 e4 49. Qf5 Kg8 50. Kf2 Kg7 51. h3 Kh8 52. Ke2 Kg8 53. Qe6+ Kg7 54. Qxe7+ Bxe7 55. Bd2 Bd8 56. Ke3 Bc7 57. Kxe4 1-0

[Event "Ruhrgebiet Verbandsklasse Gruppe 1 1718"]
[Site "Germany"]
[Date "2018.01.14"]
[Round "5.7"]
[White "Ebert, Manfred"]
[Black "Alinsug, Salvadore"]
[Result "1-0"]
[WhiteElo "1900"]
[BlackElo "1774"]
[PlyCount "84"]
[EventDate "2017.09.17"]
[EventType "team-tourn"]
[EventRounds "9"]
[EventCountry "GER"]
[SourceTitle "EXT 2022"]
[Source "ChessBase"]
[SourceDate "2021.10.06"]
[SourceVersion "1"]
[SourceVersionDate "2021.10.06"]
[SourceQuality "1"]
[WhiteTeam "Buer SF"]
[BlackTeam "Bergeborbeck Wacker"]
[WhiteTeamCountry "GER"]
[BlackTeamCountry "GER"]

1. g3 d6 2. Bg2 e5 3. c4 Nc6 4. Nc3 Bd7 5. e3 Nf6 6. Nge2 Be7 7. 0-0 0-0 8. d4 exd4 9. exd4 Qc8 10. f4 Bh3 11. d5 Bxg2 12. Kxg2 Nb8 13. h3 Nbd7 14. Nd4 Re8 15. Qf3 Nf8 16. Bd2 Ng6 17. Kh2 a6 18. g4 Bf8 19. g5 Nd7 20. Rae1 Nb6 21. b3 Qd7 22. Kg3 Re7 23. h4 Rxe1 24. Rxe1 Re8 25. Ne4 Nc8 26. h5 Nge7 27. f5 Kh8 28. h6 Ng8 29. hxg7+ Bxg7 30. f6 Bf8 31. Rh1 Re5 32. Bf4 Re8 33. Nf2 c5 34. dxc6 bxc6 35. Nxc6 Nb6 36. Nb4 a5 37. Nd5 Nc8 38. Qd3 h6 39. Ng4 Re6 40. gxh6 Nce7 41. h7 Ng6 42. hxg8Q+ Kxg8 1-0

[Event "Ruhrgebiet Verbandsklasse Gruppe 1 1718"]
[Site "Germany"]
[Date "2017.11.05"]
[Round "3.7"]
[White "Kyas, Jens Stefan"]
[Black "Alinsug, Salvadore"]
[Result "1-0"]
[WhiteElo "1765"]
[BlackElo "1774"]
[PlyCount "53"]
[EventDate "2017.09.17"]
[EventType "team-tourn"]
[EventRounds "9"]
[EventCountry "GER"]
[SourceTitle "EXT 2022"]
[Source "ChessBase"]
[SourceDate "2021.10.06"]
[SourceVersion "1"]
[SourceVersionDate "2021.10.06"]
[SourceQuality "1"]
[WhiteTeam "Oberhausen SW"]
[BlackTeam "Bergeborbeck Wacker"]
[WhiteTeamCountry "GER"]
[BlackTeamCountry "GER"]

1. f4 e6 2. Nf3 Nc6 3. e3 d5 4. d4 Nf6 5. c3 Be7 6. Bd3 Bd7 7. Nbd2 h6 8. 0-0 0-0 9. Ne5 Be8 10. e4 dxe4 11. Nxe4 Nxe4 12. Bxe4 Bf6 13. Rf3 Rb8 14. Rh3 Ne7 15. g4 Bxe5 16. fxe5 Ng6 17. g5 f5 18. gxf6 gxf6 19. Bxg6 Bxg6 20. Bxh6 f5 21. Bxf8 Qxf8 22. Qd2 Qe7 23. Qh6 Kf7 24. Qh4 Rf8 25. Qxe7+ Kxe7 26. Kf2 f4 27. Rg1 1-0

[Event "Ruhrgebiet Verbandsklasse Gruppe 1 1718"]
[Site "Germany"]
[Date "2017.10.08"]
[Round "2.7"]
[White "Alinsug, Salvadore"]
[Black "Schaepers, Lars"]
[Result "0-1"]
[WhiteElo "1774"]
[BlackElo "1715"]
[PlyCount "88"]
[EventDate "2017.09.17"]
[EventType "team-tourn"]
[EventRounds "9"]
[EventCountry "GER"]
[SourceTitle "EXT 2022"]
[Source "ChessBase"]
[SourceDate "2021.10.06"]
[SourceVersion "1"]
[SourceVersionDate "2021.10.06"]
[SourceQuality "1"]
[WhiteTeam "Bergeborbeck Wacker"]
[BlackTeam "Drewer SG"]
[WhiteTeamCountry "GER"]
[BlackTeamCountry "GER"]

1. e4 e6 2. Nc3 d5 3. d4 dxe4 4. Nxe4 Nd7 5. Nf3 Ngf6 6. Bd3 Nxe4 7. Bxe4 Nf6 8. Bd3 Be7 9. 0-0 0-0 10. c3 b6 11. Re1 Bb7 12. Bg5 Rc8 13. h3 c5 14. Qe2 Nd5 15. Bxe7 Qxe7 16. Qe5 Qf6 17. Qxf6 Nxf6 18. Re5 Bxf3 19. gxf3 cxd4 20. cxd4 Rfd8 21. Rd1 Kf8 22. Bb1 Rc4 23. d5 exd5 24. Kg2 Rdc8 25. Bf5 R8c5 26. Rde1 d4 27. f4 Rc1 28. R1e2 g6 29. Bg4 Nxg4 30. hxg4 R5c2 31. Re8+ Kg7 32. R2e7 d3 33. Rd7 Re2 34. Red8 Rcc2 35. Rxd3 Rxf2+ 36. Kg3 Rxb2 37. R8d7 Rxa2 38. Rb7 Rfc2 39. g5 Rc5 40. Kf3 Rf5 41. Rd4 b5 42. Rb8 h6 43. Kg4 hxg5 44. fxg5 Ra4 0-1

[Event "Ruhrgebiet Verbandsklasse Gruppe 3 1516"]
[Site "Germany"]
[Date "2016.03.20"]
[Round "8.7"]
[White "Ewers, Christian"]
[Black "Alinsug, Salvadore"]
[Result "0-1"]
[WhiteElo "1708"]
[BlackElo "1807"]
[PlyCount "56"]
[EventDate "2015.09.06"]
[EventType "team-tourn"]
[EventRounds "9"]
[EventCountry "GER"]
[SourceTitle "EXT 2022"]
[Source "ChessBase"]
[SourceDate "2021.10.06"]
[SourceVersion "1"]
[SourceVersionDate "2021.10.06"]
[SourceQuality "1"]
[WhiteTeam "Mengede SG"]
[BlackTeam "Bergeborbeck Wacker"]
[WhiteTeamCountry "GER"]
[BlackTeamCountry "GER"]

1. e4 e6 2. d4 c5 3. d5 d6 4. c4 Nf6 5. Nc3 Be7 6. Bd3 Na6 7. Nge2 0-0 8. h3 e5 9. 0-0 Bd7 10. f4 exf4 11. Nxf4 Ne8 12. g4 g6 13. Ng2 Ng7 14. Qd2 Nc7 15. Qh6 a6 16. e5 dxe5 17. Ne4 Nce8 18. Bg5 f6 19. Be3 b6 20. Nh4 f5 21. Ng5 Bxg5 22. Bxg5 Qc8 23. Nxg6 hxg6 24. Qxg6 e4 25. Bxe4 Qb8 26. gxf5 Qg3+ 27. Bg2 Rxf5 28. Rxf5 Bxf5 0-1

[Event "Ruhrgebiet Verbandsklasse Gruppe 3 1516"]
[Site "Germany"]
[Date "2016.01.24"]
[Round "6.7"]
[White "Schmidt, Christian"]
[Black "Alinsug, Salvadore"]
[Result "1-0"]
[WhiteElo "1706"]
[BlackElo "1807"]
[PlyCount "94"]
[EventDate "2015.09.06"]
[EventType "team-tourn"]
[EventRounds "9"]
[EventCountry "GER"]
[SourceTitle "EXT 2022"]
[Source "ChessBase"]
[SourceDate "2021.10.06"]
[SourceVersion "1"]
[SourceVersionDate "2021.10.06"]
[SourceQuality "1"]
[WhiteTeam "Hervest Dorsten"]
[BlackTeam "Bergeborbeck Wacker"]
[WhiteTeamCountry "GER"]
[BlackTeamCountry "GER"]

1. Nf3 Nf6 2. c4 g6 3. b4 Bg7 4. Bb2 0-0 5. g3 d5 6. cxd5 Nxd5 7. Bxg7 Kxg7 8. Qb3 Qd6 9. Qb2+ Kg8 10. a3 Nd7 11. Bg2 N7f6 12. d3 Bg4 13. Nbd2 Nb6 14. a4 a5 15. b5 Rfe8 16. Ne5 Rab8 17. Nxg4 Nxg4 18. Ne4 Qe6 19. 0-0 Nd5 20. Nc5 Qd6 21. Rac1 e5 22. Rc4 Ngf6 23. Rfc1 Re7 24. Qd2 b6 25. Na6 Rc8 26. Bh3 Rd8 27. Rc6 Qa3 28. R1c4 Qa1+ 29. Qc1 Qxc1+ 30. Rxc1 Ne8 31. Bg2 Nb4 32. Nxb4 axb4 33. R6c4 b3 34. Rb1 Nd6 35. Rb4 Nf5 36. R1xb3 Nd4 37. Rb2 f5 38. h3 Kg7 39. Rc4 g5 40. Kh2 h5 41. Ra2 f4 42. Be4 Rf8 43. e3 fxg3+ 44. Kxg3 Ne6 45. Bd5 Nc5 46. a5 h4+ 47. Kg2 Rd7 1-0

[Event "Ruhrgebiet Verbandsklasse Gruppe 3 1516"]
[Site "Germany"]
[Date "2015.11.29"]
[Round "4.5"]
[White "Alinsug, Salvadore"]
[Black "Floeren, Philipp"]
[Result "1/2-1/2"]
[WhiteElo "1807"]
[BlackElo "1909"]
[PlyCount "76"]
[EventDate "2015.09.06"]
[EventType "team-tourn"]
[EventRounds "9"]
[EventCountry "GER"]
[SourceTitle "EXT 2022"]
[Source "ChessBase"]
[SourceDate "2021.10.06"]
[SourceVersion "1"]
[SourceVersionDate "2021.10.06"]
[SourceQuality "1"]
[WhiteTeam "Bergeborbeck Wacker"]
[BlackTeam "Bochum SV II"]
[WhiteTeamCountry "GER"]
[BlackTeamCountry "GER"]

1. d4 d6 2. Nf3 g6 3. g3 Bg7 4. Bg2 Nf6 5. c4 0-0 6. 0-0 c6 7. Nc3 Nbd7 8. e4 e5 9. dxe5 dxe5 10. Qc2 Qc7 11. b3 b5 12. Ba3 Re8 13. Rfd1 Qa5 14. Bb2 bxc4 15. bxc4 Rb8 16. Nd2 Ba6 17. Rab1 Bh6 18. Bf1 Nc5 19. Nb3 Nxb3 20. axb3 Qb4 21. Ba1 Bc8 22. h3 a5 23. Na4 Qe7 24. Bg2 c5 25. Bc3 Qc7 26. Bd2 Bg7 27. Be3 Bf8 28. Nc3 Bd7 29. Bg5 Bg7 30. Rd3 Bc6 31. Rbd1 Qb7 32. Bxf6 Bxf6 33. Nd5 Bg7 34. Ne3 Bxe4 35. Bxe4 Qxe4 36. Qd2 Bh6 37. Qxa5 Rbc8 38. Nd5 Bg7 1/2-1/2

[Event "Ruhrgebiet Verbandsklasse Gruppe 3 1516"]
[Site "Germany"]
[Date "2015.09.27"]
[Round "2.5"]
[White "Alinsug, Salvadore"]
[Black "Sondermann, Dirk"]
[Result "0-1"]
[WhiteElo "1807"]
[BlackElo "1821"]
[PlyCount "130"]
[EventDate "2015.09.06"]
[EventType "team-tourn"]
[EventRounds "9"]
[EventCountry "GER"]
[SourceTitle "EXT 2022"]
[Source "ChessBase"]
[SourceDate "2021.10.06"]
[SourceVersion "1"]
[SourceVersionDate "2021.10.06"]
[SourceQuality "1"]
[WhiteTeam "Bergeborbeck Wacker"]
[BlackTeam "Annen Sport Union"]
[WhiteTeamCountry "GER"]
[BlackTeamCountry "GER"]

1. d4 f5 2. Nf3 Nf6 3. g3 g6 4. Bg2 Bg7 5. c4 d6 6. Nc3 0-0 7. 0-0 Qe8 8. Re1 Qf7 9. Qd3 h6 10. b3 Nc6 11. e3 e5 12. Qd1 Ne4 13. Ne2 a5 14. Bb2 Kh7 15. a3 Bd7 16. Qc2 Qe7 17. d5 Nb8 18. Nc3 Nf6 19. Rad1 Na6 20. h3 Nc5 21. Nd2 e4 22. Bf1 h5 23. Na4 Bxa4 24. bxa4 Qe8 25. Bd4 Qxa4 26. Qb1 Nfd7 27. Be2 b6 28. Bxg7 Kxg7 29. Qb2+ Kh7 30. Rc1 Ne5 31. Bd1 Qd7 32. Be2 Ned3 33. Bxd3 Nxd3 34. Qc3 Nxe1 35. Rxe1 Qe7 36. Nb3 Qe5 37. Qd2 Rac8 38. Nd4 Rfe8 39. Rb1 Qf6 40. Kh2 Re7 41. Rf1 Ree8 42. Rb1 Rcd8 43. Rf1 Rd7 44. Qe2 Rf7 45. Qd2 Kg8 46. Rg1 Rg7 47. Rg2 Kh8 48. Rg1 Rh7 49. Rg2 g5 50. Kg1 h4 51. g4 f4 52. Kh1 fxe3 53. Qxe3 Qf4 54. Qc3 Re5 55. Nf5 Qf3 56. Ne3 Qxh3+ 57. Kg1 Qf3 58. Qb2 h3 59. Rh2 Rh4 60. Qc2 Rxg4+ 61. Nxg4 Qxg4+ 62. Kf1 Qf3 63. Qc1 e3 64. Kg1 e2 65. Qe1 g4 0-1

[Event "Ruhrgebiet Verbandsklasse Gruppe 3 1516"]
[Site "Germany"]
[Date "2015.09.06"]
[Round "1.7"]
[White "Neugebauer, Thomas"]
[Black "Alinsug, Salvadore"]
[Result "1/2-1/2"]
[WhiteElo "1815"]
[BlackElo "1807"]
[PlyCount "104"]
[EventDate "2015.09.06"]
[EventType "team-tourn"]
[EventRounds "9"]
[EventCountry "GER"]
[SourceTitle "EXT 2022"]
[Source "ChessBase"]
[SourceDate "2021.10.06"]
[SourceVersion "1"]
[SourceVersionDate "2021.10.06"]
[SourceQuality "1"]
[WhiteTeam "Altenessen"]
[BlackTeam "Bergeborbeck Wacker"]
[WhiteTeamCountry "GER"]
[BlackTeamCountry "GER"]

1. e4 e6 2. d3 c5 3. Nf3 Nc6 4. g3 Nge7 5. Bg2 Ng6 6. 0-0 Be7 7. Nc3 0-0 8. Ne1 d6 9. f4 Bd7 10. Be3 a6 11. Nf3 Rb8 12. h4 b5 13. Ng5 h6 14. Nf3 b4 15. Ne2 a5 16. Qd2 Bf6 17. Rab1 Re8 18. h5 Nf8 19. g4 e5 20. f5 Nh7 21. c3 Qe7 22. Rbd1 Red8 23. Kh2 Ra8 24. Rg1 Ng5 25. Nxg5 Bxg5 26. Bxg5 Qxg5 27. Qxg5 hxg5 28. d4 bxc3 29. bxc3 Rab8 30. dxc5 dxc5 31. Rd2 Be8 32. Rgd1 Rxd2 33. Rxd2 Rd8 34. Rd5 Rxd5 35. exd5 Nb8 36. Ng3 Bb5 37. a3 Nd7 38. Ne4 f6 39. Nd2 Kf8 40. Bf3 Ke7 41. Kg3 Bd3 42. Be4 c4 43. Bf3 Kd6 44. Kf2 Nb6 45. Be4 Nxd5 46. Bxd3 cxd3 47. c4 Nb6 48. Ne4+ Ke7 49. Nd2 Nd7 50. Ne4 Nb6 51. Nd2 Na4 52. Ne4 Nb6 1/2-1/2